Statistics for Biggest Mississippi Watershed Cities on a Map

Click here to take the quiz!

General Stats

  • This quiz has been taken 63 times
  • The average score is 19 of 20

Answers on the Map

Answers color-coded by a green-red scale on the quiz's map according to % correct below.
Loading ...
 

Answer Stats

PopulationCity% Correct
303,940Cincinnati
100%
876,384Indianapolis
100%
495,327Kansas City
100%
651,073Memphis
100%
898,553Columbus
98%
727,211Denver
98%
429,606Minneapolis
98%
670,820Nashville
98%
655,057Oklahoma City
98%
478,192Omaha
98%
300,576Saint Louis
98%
617,638Louisville
96%
300,286Pittsburgh
96%
390,144New Orleans
94%
308,096Saint Paul
94%
478,221Colorado Springs
92%
401,190Tulsa
87%
389,938Wichita
87%
323,152Lexington
83%
379,289Aurora
68%

Score Distribution

Percentile by Number Answered

Percent of People with Each Score

Your Score History

You have not taken this quiz